[Event "PRVA LIGA CENTRALNE SRBIJE 2014"]
[Site "Kraljevo"]
[Date "2014.09.14"]
[Round "2.6"]
[White "Atalik, Suat"]
[Black "Stojanovski, Dejan"]
[Result "1/2-1/2"]
[WhiteElo "2549"]
[BlackElo "2442"]
[PlyCount "41"]
[EventDate "2014.09.13"]

1. d4 Nf6 2. c4 e6 3. Nc3 Bb4 4. f3 d5 5. a3 Bxc3+ 6. bxc3 c5 7. cxd5 Nxd5 8.
dxc5 Qa5 9. e4 Ne7 10. Be3 O-O 11. Qb3 Qc7 12. a4 Nd7 13. a5 Rb8 14. Ne2 Nxc5
15. Qc4 b6 16. axb6 axb6 17. Nd4 Nc6 18. Nxc6 Qxc6 19. Be2 Ra8 20. Rxa8 Qxa8
21. Bc1 1/2-1/2

[Event "PRVA LIGA CENTRALNE SRBIJE 2014"]
[Site "Kraljevo"]
[Date "2014.09.14"]
[Round "2.6"]
[White "Djukic, Zeljko"]
[Black "Nenezic, Marko"]
[Result "0-1"]
[WhiteElo "2367"]
[BlackElo "2424"]
[PlyCount "67"]
[EventDate "2014.09.13"]

1. d4 Nf6 2. c4 d6 3. Nf3 g6 4. Nc3 Bg7 5. e4 O-O 6. h3 e5 7. d5 a5 8. Bg5 Na6
9. Nd2 Qe8 10. g4 Nd7 11. a3 Nb6 12. b3 Bd7 13. h4 Nc5 14. h5 f5 15. gxf5 gxf5
16. Be3 Kh8 17. Qe2 a4 18. b4 Nb3 19. Nxb3 axb3 20. Qb2 Na4 21. Qxb3 Nxc3 22.
Qxc3 fxe4 23. Be2 Qe7 24. O-O-O c6 25. Kb2 cxd5 26. Rxd5 Be6 27. Rb5 Rfc8 28.
Rd1 Ra6 29. Qc2 Rac6 30. Qxe4 Bxc4 31. Bxc4 Rxc4 32. Qxb7 Qf6 33. h6 e4+ 34.
Kb3 0-1

[Event "PRVA LIGA CENTRALNE SRBIJE 2014"]
[Site "Kraljevo"]
[Date "2014.09.14"]
[Round "2.6"]
[White "Marinkovic, Ivan"]
[Black "Ilic, Zoran S"]
[Result "1-0"]
[WhiteElo "2448"]
[BlackElo "2289"]
[PlyCount "100"]
[EventDate "2014.09.13"]

1. e4 c5 2. Nf3 e6 3. d4 cxd4 4. Nxd4 a6 5. g3 Nf6 6. Bg2 Qc7 7. O-O Be7 8. Qe2
d6 9. c4 O-O 10. Be3 Nc6 11. Rc1 Bd7 12. Nxc6 bxc6 13. Nc3 e5 14. c5 Bg4 15.
cxd6 Qxd6 16. Qc2 Nd7 17. Na4 Rfc8 18. h3 Be6 19. Rd1 Qb8 20. Bf1 Rc7 21. Kh2
h5 22. b3 g6 23. Rac1 Qb4 24. Bc4 Bxc4 25. Qxc4 Rb8 26. Rc2 Qxc4 27. Rxc4 Rb4
28. Rc2 Rb8 29. Rdc1 Rbc8 30. Bb6 Nxb6 31. Nxb6 Rd8 32. Nd5 Rcd7 33. Rxc6 Ba3
34. Nf6+ Kg7 35. Nxd7 Bxc1 36. Nxe5 Bb2 37. Nc4 Bd4 38. Kg2 Ra8 39. Rd6 Bc5 40.
e5 a5 41. Rd3 Bb4 42. a4 Ra6 43. f4 Ra7 44. Rd5 Ra6 45. Kf3 Kf8 46. g4 hxg4+
47. hxg4 Ke7 48. Rb5 Ra7 49. Ke4 Bc3 50. Nb6 Bd2 1-0

[Event "PRVA LIGA CENTRALNE SRBIJE 2014"]
[Site "Kraljevo"]
[Date "2014.09.14"]
[Round "2.6"]
[White "Mitrovic, Darko R"]
[Black "Pavlovic, Dejan S"]
[Result "0-1"]
[WhiteElo "2263"]
[BlackElo "2407"]
[PlyCount "72"]
[EventDate "2014.09.13"]

1. d4 d5 2. c4 c6 3. Nf3 Nf6 4. e3 Bf5 5. Bd3 Bxd3 6. Qxd3 e6 7. O-O Be7 8. Nc3
O-O 9. e4 dxe4 10. Nxe4 c5 11. Rd1 cxd4 12. Nxd4 e5 13. Nxf6+ Bxf6 14. Nf5 Qxd3
15. Rxd3 Nc6 16. Be3 e4 17. Rd2 Rfe8 18. Rad1 h5 19. b3 g6 20. Nd6 Re7 21. Kf1
Bc3 22. Rc2 Bg7 23. a3 f5 24. b4 Ne5 25. c5 Nd3 26. f3 Ne5 27. fxe4 fxe4 28.
Bg5 Rd7 29. Rcd2 Rf8+ 30. Ke2 Ng4 31. Nxe4 Rdf7 32. Rd8 Nxh2 33. Rxf8+ Bxf8 34.
b5 Ng4 35. Rd8 Kg7 36. a4 Be7 0-1

[Event "PRVA LIGA CENTRALNE SRBIJE 2014"]
[Site "Kraljevo"]
[Date "2014.09.14"]
[Round "2.6"]
[White "Djokic, Nenad"]
[Black "Djokic, Vladan"]
[Result "0-1"]
[WhiteElo "2329"]
[BlackElo "2320"]
[PlyCount "68"]
[EventDate "2014.09.13"]

1. d4 Nf6 2. Nf3 e6 3. c4 c5 4. d5 b5 5. dxe6 fxe6 6. cxb5 d5 7. e3 Bd6 8. Nc3
Nbd7 9. Bd3 O-O 10. Qc2 Kh8 11. b3 Qe8 12. Bb2 Bb7 13. h3 e5 14. e4 Qg6 15. Nh4
Qg5 16. g3 d4 17. Bc1 Qh5 18. Na4 Rac8 19. Nb2 c4 20. bxc4 Bb4+ 21. Kf1 Nc5 22.
Rh2 Nxd3 23. Nxd3 Bxe4 24. Bb2 Nd5 25. Kg1 Nf4 26. Nxf4 Rxf4 27. Qb3 Rxh4 28.
gxh4 Bc3 29. Bxc3 Qg6+ 30. Kf1 Bd3+ 31. Ke1 Qe4+ 32. Kd2 dxc3+ 33. Qxc3 Qe2+
34. Kc1 Rxc4 0-1

[Event "PRVA LIGA CENTRALNE SRBIJE 2014"]
[Site "Kraljevo"]
[Date "2014.09.14"]
[Round "2.6"]
[White "Stankovic, Dejan"]
[Black "Tasic, Vladimir"]
[Result "0-1"]
[WhiteElo "2260"]
[BlackElo "2256"]
[PlyCount "60"]
[EventDate "2014.09.13"]

1. e4 e5 2. d4 exd4 3. Qxd4 Nc6 4. Qe3 Nf6 5. Bd2 Bb4 6. Bc4 O-O 7. Ne2 d5 8.
Bxd5 Nxd5 9. exd5 Re8 10. Qd3 Ne5 11. Qb3 Bxd2+ 12. Nxd2 Ng6 13. Kf1 c6 14. Nf3
b6 15. Ned4 c5 16. Nc6 Ba6+ 17. Kg1 Qd6 18. g3 c4 19. Qa3 Qxd5 20. Nb4 Qb7 21.
Nxa6 Ne5 22. Nxe5 Rxe5 23. Qc3 Rae8 24. Rd1 h5 25. Nb4 a5 26. Na6 Qxa6 27. Rd8
Rxd8 28. Qxe5 Rd1+ 29. Kg2 Qb7+ 30. f3 Rd2+ 0-1